[Event "Capablanca mem open"]
[Site "La Habana CUB"]
[Date "2006.11.29"]
[Round "9.23"]
[White "Diaz Ordonez, Ciro"]
[Black "Ramon, Vivian"]
[Result "1-0"]
[PlyCount "67"]
[EventDate "2006.11.21"]
[EventType "swiss"]
[EventRounds "9"]
[EventCountry "CUB"]
[Source "lmi"]
[SourceDate "2006.11.21"]
[WhiteElo "2257"]
[BlackElo "2223"]

1. e4 e5 2. Nf3 Nc6 3. Bb5 Nge7 4. O-O a6 5. Bxc6 Nxc6 6. d4 exd4 7. Nxd4 d6 8.
Nc3 g6 9. Nxc6 bxc6 10. Qd4 f6 11. Qc4 Bd7 12. f4 Qe7 13. f5 Bg7 14. Ne2 Qf7
15. Qd3 g5 16. c4 h5 17. Be3 Rb8 18. b3 c5 19. Rad1 Bf8 20. Nc3 c6 21. Ne2 Rh7
22. h4 gxh4 23. Nf4 Rg7 24. Ng6 Rxg6 25. fxg6 Qxg6 26. Bxc5 Bg4 27. Bxd6 Rd8
28. e5 f5 29. Rd2 Bh6 30. Rdf2 Qe6 31. Rxf5 Bxf5 32. Qxf5 Be3+ 33. Kh2 Kd7 34.
Qh7+ 1-0

[Event "Capablanca mem open"]
[Site "La Habana CUB"]
[Date "2006.11.29"]
[Round "9.25"]
[White "Hernandez, Tania"]
[Black "Macias Murillo, Bryan"]
[Result "1/2-1/2"]
[PlyCount "120"]
[EventDate "2006.11.21"]
[EventType "swiss"]
[EventRounds "9"]
[EventCountry "CUB"]
[Source "lmi"]
[SourceDate "2006.11.21"]
[WhiteElo "2201"]
[BlackElo "2216"]

1. Nf3 Nf6 2. c4 e6 3. g3 b6 4. Bg2 Bb7 5. O-O c5 6. Nc3 Be7 7. d4 cxd4 8. Qxd4
O-O 9. Rd1 Nc6 10. Qd3 Qc8 11. b3 d6 12. Bb2 Rd8 13. Rac1 a6 14. Qb1 Qc7 15.
Nd5 exd5 16. cxd5 Nxd5 17. Rxd5 Qd7 18. Ng5 g6 19. Nxh7 Ne5 20. Bxe5 Kxh7 21.
Bb2 Bxd5 22. Bxd5 Rac8 23. Rd1 Bg5 24. Rd3 Rf8 25. Rf3 Bh6 26. Qe4 f5 27. Qd3
b5 28. Rf4 Bg5 29. a4 Rc5 30. Rb4 Rb8 31. Qd4 Qe7 32. h4 Bf6 33. Qxf6 Qxf6 34.
Bxf6 Rxd5 35. a5 Re8 36. e3 Rd1+ 37. Kg2 Rc8 38. e4 Rc2 39. exf5 gxf5 40. Rf4
Kg6 41. Be7 Rc3 42. h5+ Kxh5 43. Rxf5+ Kg6 44. Rf6+ Kg7 45. b4 Rcd3 46. Rf4
R3d2 47. Bd8 Re2 48. Bb6 Kg6 49. Bd4 Re6 50. Be3 d5 51. Bc5 Re4 52. Rf8 d4 53.
Rd8 d3 54. Rd6+ Kf7 55. Kf3 Re6 56. Rd7+ Kg6 57. Kg2 Kf5 58. Rf7+ Kg6 59. Rd7
Kf5 60. Rd5+ Kg6 1/2-1/2